000 00636nam a22002057a 4500
005 20251108164649.0
008 250721s1999 xx 000 0 ara d
082 1 4 _a519.53/منص
100 1 _aمنصور، عوض
245 1 0 _aعلم الإحصاء الوصفي المبرمج /
264 1 _aعمان :
_bدار صفاء للنشر و التوزيع،
_c1999.
300 _a423ص
490 0 _aسلسلة الحاسبات الإلكترونية
650 1 7 _aالإحصاء
650 1 7 _aالإحصاء الوصفي
700 1 _aقوقزة، علي
700 1 _aصبري، عزام
942 _2ddc
_cBK
999 _c11250
_d11250